000 01312nam a22004577a 4500
001 BR9300415
003 BR-BrBNA
005 20230928093817.0
007 ta
008 230509b bl.||||| |||| 00| 0 por d
040 _aBR-BrBNA
_bpor
_cBiblioteca Nacional de Agricultura
041 _a(Por)
072 _aF01
090 _ F01 BR9300415
100 1 _aSonnenberg, P.E.
110 1 _aUniversidade Federal de Goias, Goiania (Brasil)
_910787
245 1 _aOlericultura especial; 2. parte. As culturas de: repolho, couve-flor, brocolo, couve, rabanete e rabano, beterraba, feijao-de-vagem, quiabo, pimentao, aboboras, melancia, chuchu e pepino
250 1 _a2. ed.
260 3 _aGoiania, GO (Brasil):
_c1981.
300 _a143 p.
500 _a10 illus.; 13 tables; Bibliography p. 140-143 (72 ref.)
650 _aRepolho
650 _aCouve-Flor
650 _aBrocolo
650 _aCouve
650 _aRabanete
650 _aBeterraba
650 _aFeijao Trepador
650 _aQuiabo
650 _aPimentao
650 _aAbobora
650 _aMelancia
650 _aChuchu
650 _aPepino
650 _aPratica Cultural
650 _aPraga de Planta
650 _aDoenca de Planta
650 _aVariedade
909 _a202309
_bLucia
_c55
_dLucia Elande
942 _cBK
999 _c47238
_d47238